| 000 | 00481nam a2200193 4500 | ||
|---|---|---|---|
| 003 | LK-CoMWRAF | ||
| 005 | 20230908132725.0 | ||
| 008 | 230908b2007 |||||||| |||| 00| 0 eng d | ||
| 020 | _a9780752888613 | ||
| 040 |
_aLK-CoMWRAF _dLK-CoMWRAF _eLK-CoMWRAF |
||
| 041 | _aeng | ||
| 082 |
_a823 _bBAR |
||
| 100 | _aBarclay, Linwood | ||
| 245 | _aNo time for goodbye | ||
| 260 |
_aLondon : _bOrion books, _c2007 |
||
| 300 | _a339 p. ; 25 cm. | ||
| 650 | _aEnglish Fiction | ||
| 942 | _cBK | ||
| 999 |
_c3488 _d3488 |
||